[Event "Pardubice Czech op"]
[Site "Pardubice"]
[Date "1998.??.??"]
[Round "8"]
[White "Boehm, Martin"]
[Black "Veresagin, Jurij"]
[Result "1/2-1/2"]
[WhiteElo "2270"]
[BlackElo "2420"]
[PlyCount "63"]
[EventDate "1998.07.??"]
[EventType "swiss"]
[EventRounds "9"]
[EventCountry "CZE"]
[SourceTitle "EXT 2000"]
[Source "ChessBase"]
[SourceDate "1999.11.16"]
[SourceVersion "1"]
[SourceVersionDate "1999.11.16"]
[SourceQuality "1"]

1. c4 e5 2. Nc3 Nc6 3. g3 g6 4. Bg2 Bg7 5. Nf3 d6 6. d3 f5 7. 0-0 Nf6 8. Bg5 h6 9. Bxf6 Qxf6 10. Rb1 Qf7 11. Nd5 Nd8 12. Qa4+ Nc6 13. b4 Qd7 14. Nh4 Kf7 15. f4 Nd4 16. Qxd7+ Bxd7 17. fxe5 c6 18. e3 Ne6 19. Nf6 Bxf6 20. exf6 Kxf6 21. g4 Ng7 22. gxf5 gxf5 23. e4 Rhf8 24. Rbe1 Kg5 25. Nf3+ Kf6 26. Bh3 Rae8 27. d4 Bc8 28. e5+ dxe5 29. Nxe5 Rd8 30. Rd1 Rfe8 31. Rf2 Rd6 32. Rfd2 1/2-1/2

[Event "Pardubice Czech op"]
[Site "Pardubice"]
[Date "1998.??.??"]
[Round "2"]
[White "Hudecek, Jan"]
[Black "Veresagin, Jurij"]
[Result "1/2-1/2"]
[WhiteElo "2260"]
[BlackElo "2420"]
[PlyCount "43"]
[EventDate "1998.07.??"]
[EventType "swiss"]
[EventRounds "9"]
[EventCountry "CZE"]
[SourceTitle "EXT 2000"]
[Source "ChessBase"]
[SourceDate "1999.11.16"]
[SourceVersion "1"]
[SourceVersionDate "1999.11.16"]
[SourceQuality "1"]

1. d4 Nf6 2. c4 e6 3. g3 Bb4+ 4. Nd2 d5 5. Bg2 0-0 6. Ngf3 c6 7. Qc2 b6 8. 0-0 a5 9. Rd1 Ba6 10. a3 Be7 11. b3 Nbd7 12. Bb2 Qb8 13. Rac1 Rc8 14. e4 Qa7 15. Qb1 Rc7 16. Ne5 Rac8 17. cxd5 cxd5 18. Nxd7 Rxd7 19. Rxc8+ Bxc8 20. e5 Ne8 21. Rc1 Rc7 22. Bf1 1/2-1/2

[Event "Pardubice Czech op"]
[Site "Pardubice"]
[Date "1998.??.??"]
[Round "6"]
[White "Shurygin, Sergey"]
[Black "Veresagin, Jurij"]
[Result "1-0"]
[WhiteElo "2305"]
[BlackElo "2420"]
[PlyCount "151"]
[EventDate "1998.07.??"]
[EventType "swiss"]
[EventRounds "9"]
[EventCountry "CZE"]
[SourceTitle "EXT 2000"]
[Source "ChessBase"]
[SourceDate "1999.11.16"]
[SourceVersion "1"]
[SourceVersionDate "1999.11.16"]
[SourceQuality "1"]

1. e4 e6 2. d4 d5 3. Nd2 c5 4. Ngf3 Nc6 5. exd5 exd5 6. Bb5 Bd6 7. 0-0 Nge7 8. dxc5 Bxc5 9. Nb3 Bb6 10. Nbd4 0-0 11. Be3 Bg4 12. Qd2 Rc8 13. c3 Ng6 14. Rfe1 Qd6 15. h3 Nxd4 16. Nxd4 Bd7 17. Bxd7 Qxd7 18. Nf3 Bxe3 19. Rxe3 Qf5 20. Rd1 Rfd8 21. Qd4 Qc2 22. Qd2 Qxd2 23. Rxd2 Kf8 24. g3 Ne7 25. h4 h6 26. Nd4 a6 27. Kg2 Rd6 28. h5 Rd7 29. Ne2 Nc6 30. Red3 Rcd8 31. Rd1 Ne5 32. Rd4 Nc6 33. R4d2 Ke7 34. Nd4 Nxd4 35. Rxd4 Rd6 36. R1d2 R8d7 37. f4 b5 38. Kf3 Kf6 39. a3 g6 40. hxg6 fxg6 41. R2d3 h5 42. Rd2 Rd8 43. g4 hxg4+ 44. Kxg4 Rh8 45. Rxd5 Re6 46. a4 bxa4 47. Ra5 Rh1 48. Rxa4 Rg1+ 49. Kf3 g5 50. fxg5+ Kxg5 51. Rd5+ Kf6 52. Rf4+ Ke7 53. Re4 Rf1+ 54. Ke2 Rb1 55. Rxe6+ Kxe6 56. Rd2 Ra1 57. Ke3 Re1+ 58. Re2 Rh1 59. Rd2 Re1+ 60. Kf2 Rb1 61. Ke2 Ra1 62. Rd8 Ra2 63. Rb8 Kd5 64. Kd3 Kc6 65. Rb3 Kc5 66. Kc2 Ra1 67. Ra3 Rxa3 68. bxa3 Kc4 69. Kb2 a5 70. a4 Kd5 71. Kc1 Kc4 72. Kc2 Kd5 73. Kd3 Kc5 74. c4 Kb4 75. Kd4 Kxa4 76. Kc3 1-0

[Event "RUS-ch sf"]
[Site "Krasnodar"]
[Date "1998.??.??"]
[Round "?"]
[White "Stepovaia, Tatiana"]
[Black "Veresagin, Jurij"]
[Result "1-0"]
[WhiteElo "2355"]
[BlackElo "2420"]
[PlyCount "81"]
[EventDate "1998.??.??"]
[EventType "swiss"]
[EventRounds "9"]
[EventCountry "RUS"]
[SourceTitle "EXT 2000"]
[Source "ChessBase"]
[SourceDate "1999.11.16"]
[SourceVersion "1"]
[SourceVersionDate "1999.11.16"]
[SourceQuality "1"]

1. e4 e6 2. d3 d5 3. Qe2 dxe4 4. dxe4 e5 5. Nf3 Nc6 6. c3 a5 7. Nbd2 Nf6 8. Nc4 Nd7 9. Qc2 Bc5 10. a4 0-0 11. Be2 Qe8 12. Be3 Bxe3 13. Nxe3 Nd8 14. 0-0 Ne6 15. g3 Nf6 16. Nxe5 Nc5 17. f4 Ncxe4 18. Bf3 Nc5 19. Rfe1 Be6 20. c4 c6 21. f5 Bc8 22. N3g4 Nxg4 23. Bxg4 Qd8 24. Qf2 Nd3 25. Nxd3 Qxd3 26. c5 Qc4 27. Bh3 Rb8 28. Bf1 Qd5 29. g4 b6 30. Rac1 bxc5 31. Rxc5 Rxb2 32. Rxd5 Rxf2 33. Rxa5 Rf4 34. Bh3 g6 35. Rf1 Rc4 36. Ra8 Kg7 37. f6+ Kg8 38. Rb1 h5 39. Rbb8 hxg4 40. Bf1 Rf4 41. Rxc8 1-0

[Event "Volgograd"]
[Site "Volgograd"]
[Date "1997.??.??"]
[Round "13"]
[White "Fedorkov, Vladislav"]
[Black "Veresagin, Jurij"]
[Result "1/2-1/2"]
[WhiteElo "2320"]
[BlackElo "2405"]
[PlyCount "36"]
[EventDate "1997.??.??"]
[EventType "tourn"]
[EventRounds "13"]
[EventCountry "RUS"]
[EventCategory "7"]
[SourceTitle "EXT 2000"]
[Source "ChessBase"]
[SourceDate "1999.11.16"]
[SourceVersion "1"]
[SourceVersionDate "1999.11.16"]
[SourceQuality "1"]

1. e4 c5 2. Nc3 Nc6 3. g3 g6 4. Bg2 Bg7 5. Nge2 d6 6. d3 Rb8 7. 0-0 b5 8. f4 Nd4 9. Nxd4 cxd4 10. Ne2 f5 11. c3 dxc3 12. bxc3 Qb6+ 13. Kh1 Nh6 14. a4 Ng4 15. d4 fxe4 16. Bxe4 Bb7 17. Qd3 Nf6 18. Bf3 Bxf3+ 1/2-1/2

[Event "Volgograd"]
[Site "Volgograd"]
[Date "1997.??.??"]
[Round "4"]
[White "Sumaneev, Dmitry"]
[Black "Veresagin, Jurij"]
[Result "1/2-1/2"]
[WhiteElo "2435"]
[BlackElo "2405"]
[PlyCount "45"]
[EventDate "1997.??.??"]
[EventType "tourn"]
[EventRounds "13"]
[EventCountry "RUS"]
[EventCategory "7"]
[SourceTitle "EXT 2000"]
[Source "ChessBase"]
[SourceDate "1999.11.16"]
[SourceVersion "1"]
[SourceVersionDate "1999.11.16"]
[SourceQuality "1"]

1. e4 e5 2. Nf3 Nc6 3. Bb5 a6 4. Ba4 Nf6 5. 0-0 b5 6. Bb3 Bc5 7. c3 d6 8. d4 Bb6 9. dxe5 Nxe5 10. Nxe5 dxe5 11. Qxd8+ Kxd8 12. Bxf7 Rf8 13. Bd5 Nxd5 14. exd5 Bb7 15. Be3 Bxe3 16. fxe3 Rxf1+ 17. Kxf1 Bxd5 18. Nd2 Ke7 19. e4 Be6 20. a4 Rb8 21. b4 c5 22. axb5 Rxb5 23. Rxa6 1/2-1/2

[Event "RUS-chT2"]
[Site "Orel"]
[Date "1997.??.??"]
[Round "?"]
[White "Veresagin, Jurij"]
[Black "Lopushnoy, Denis"]
[Result "1-0"]
[WhiteElo "2405"]
[BlackElo "2290"]
[PlyCount "75"]
[EventDate "1997.??.??"]
[EventType "team"]
[EventRounds "10"]
[EventCountry "RUS"]
[SourceTitle "EXT 1999"]
[Source "ChessBase"]
[SourceDate "1998.11.16"]
[SourceVersion "1"]
[SourceVersionDate "1998.11.16"]
[SourceQuality "1"]

1. d4 Nf6 2. Nf3 e6 3. c4 Bb4+ 4. Bd2 Qe7 5. g3 Nc6 6. Bg2 Bxd2+ 7. Nbxd2 d6 8. 0-0 a5 9. e4 e5 10. d5 Nb8 11. Ne1 h5 12. h4 Bg4 13. Qa4+ Bd7 14. Qa3 0-0 15. b4 Na6 16. bxa5 Nc5 17. Qc3 c6 18. Nd3 cxd5 19. exd5 Nxd3 20. Qxd3 Rxa5 21. Rfb1 Bc8 22. Nb3 Ra4 23. c5 e4 24. Qb5 Ra6 25. Re1 Qe5 26. Qc4 Re8 27. c6 bxc6 28. dxc6 d5 29. Qc5 Ra4 30. Bf1 Ng4 31. Bb5 Ra8 32. Re2 Be6 33. Qd4 Qf5 34. a4 Ne5 35. Nd2 Rec8 36. Rc1 f6 37. Re3 g5 38. hxg5 1-0

[Event "Volgograd"]
[Site "Volgograd"]
[Date "1997.??.??"]
[Round "1"]
[White "Veresagin, Jurij"]
[Black "Murashko, Vyacheslav L"]
[Result "1/2-1/2"]
[WhiteElo "2405"]
[BlackElo "2430"]
[PlyCount "32"]
[EventDate "1997.??.??"]
[EventType "tourn"]
[EventRounds "13"]
[EventCountry "RUS"]
[EventCategory "7"]
[SourceTitle "EXT 2000"]
[Source "ChessBase"]
[SourceDate "1999.11.16"]
[SourceVersion "1"]
[SourceVersionDate "1999.11.16"]
[SourceQuality "1"]

1. e4 g6 2. d4 c6 3. Nc3 d5 4. Nf3 Bg7 5. h3 dxe4 6. Nxe4 Nd7 7. c3 Ngf6 8. Nxf6+ Nxf6 9. Bd3 0-0 10. 0-0 Be6 11. Re1 Re8 12. Rxe6 fxe6 13. Qb3 Qc8 14. Bf4 Nd5 15. Bg3 Bf6 16. Re1 b5 1/2-1/2

[Event "RUS-chT2"]
[Site "Bryansk"]
[Date "1995.??.??"]
[Round "5"]
[White "Veresagin, Jurij"]
[Black "Bragin, Alexander"]
[Result "0-1"]
[WhiteElo "2410"]
[BlackElo "2385"]
[PlyCount "60"]
[EventDate "1995.??.??"]
[EventType "team"]
[EventRounds "9"]
[EventCountry "RUS"]
[SourceTitle "EXT 1998"]
[Source "ChessBase"]
[SourceDate "1997.11.17"]
[SourceVersion "1"]
[SourceVersionDate "1997.11.17"]
[SourceQuality "1"]

1. e4 c5 2. Nf3 e6 3. c3 d5 4. exd5 Qxd5 5. d4 Nf6 6. Na3 Be7 7. Nb5 Na6 8. Be2 cxd4 9. Qxd4 0-0 10. 0-0 Qxd4 11. Nbxd4 Nc5 12. h3 Rd8 13. Rd1 Bd7 14. c4 Nfe4 15. Be3 Na4 16. Rab1 Bf6 17. Bf4 Be8 18. Ne5 Nec3 19. bxc3 Nxc3 20. Bf3 Nxb1 21. Rxb1 Rxd4 22. Bg3 Rc8 23. Rxb7 Bxe5 24. Bxe5 Rd7 25. Rb4 f6 26. Bf4 Rd4 27. Be3 Rdxc4 28. Rb7 a5 29. Kh2 Bc6 30. Bxc6 R8xc6 0-1

[Event "RUS-chT2"]
[Site "Bryansk"]
[Date "1995.??.??"]
[Round "3"]
[White "Veresagin, Jurij"]
[Black "Raetsky, Alexander"]
[Result "1/2-1/2"]
[WhiteElo "2410"]
[BlackElo "2510"]
[PlyCount "38"]
[EventDate "1995.??.??"]
[EventType "team"]
[EventRounds "9"]
[EventCountry "RUS"]
[SourceTitle "EXT 1998"]
[Source "ChessBase"]
[SourceDate "1997.11.17"]
[SourceVersion "1"]
[SourceVersionDate "1997.11.17"]
[SourceQuality "1"]

1. e4 e5 2. Nf3 Nf6 3. Nxe5 d6 4. Nf3 Nxe4 5. d3 Nf6 6. d4 Be7 7. Bd3 Bg4 8. Nbd2 0-0 9. Nf1 c5 10. h3 Bxf3 11. Qxf3 Nc6 12. dxc5 dxc5 13. Ne3 Qc7 14. 0-0 Ne5 15. Qe2 Nxd3 16. Qxd3 Rad8 17. Qe2 Qe5 18. Qf3 Bd6 19. g3 Qe4 1/2-1/2

[Event "Volgograd"]
[Site "Volgograd"]
[Date "1994.??.??"]
[Round "7"]
[White "Veresagin, Jurij"]
[Black "Chachalev, Jurij"]
[Result "1-0"]
[WhiteElo "2360"]
[BlackElo "2220"]
[PlyCount "69"]
[EventDate "1994.??.??"]
[EventType "tourn"]
[EventRounds "13"]
[EventCountry "NED"]
[EventCategory "8"]
[SourceTitle "CBM 041"]
[Source "ChessBase"]
[SourceDate "1994.08.01"]
[SourceVersion "1"]
[SourceVersionDate "1994.08.01"]
[SourceQuality "1"]

1. e4 c5 2. Nc3 Nc6 3. g3 g6 4. Bg2 Bg7 5. d3 d6 6. f4 Nd4 7. Nce2 e6 8. c3 Nxe2 9. Nxe2 Ne7 10. Be3 Rb8 11. 0-0 0-0 12. d4 b6 13. Qd2 Bb7 14. Rfd1 Qc7 15. dxc5 dxc5 16. Qd7 Rfc8 17. f5 gxf5 18. Bf4 e5 19. Bg5 Qxd7 20. Rxd7 Nc6 21. exf5 f6 22. Be3 Na5 23. Rad1 Bxg2 24. Kxg2 Nc6 25. g4 Rd8 26. Ng3 Bf8 27. Ne4 Be7 28. h4 Kf8 29. g5 Ke8 30. Rxd8+ Rxd8 31. Rxd8+ Bxd8 32. gxf6 Kf7 33. Bg5 Bc7 34. Bh6 Nd8 35. Bg7 1-0

[Event "Volgograd"]
[Site "Volgograd"]
[Date "1994.??.??"]
[Round "3"]
[White "Veresagin, Jurij"]
[Black "Kholmov, Ratmir D"]
[Result "1/2-1/2"]
[WhiteElo "2360"]
[BlackElo "2450"]
[PlyCount "72"]
[EventDate "1994.??.??"]
[EventType "tourn"]
[EventRounds "13"]
[EventCountry "NED"]
[EventCategory "8"]
[SourceTitle "CBM 041"]
[Source "ChessBase"]
[SourceDate "1994.08.01"]
[SourceVersion "1"]
[SourceVersionDate "1994.08.01"]
[SourceQuality "1"]

1. d4 Nf6 2. c4 e6 3. Nf3 Bb4+ 4. Bd2 Qe7 5. g3 Nc6 6. Bg2 Bxd2+ 7. Nbxd2 d6 8. 0-0 0-0 9. e4 e5 10. d5 Nb8 11. b4 c6 12. Ne1 a5 13. a3 cxd5 14. cxd5 Bg4 15. f3 Bd7 16. Rf2 Rc8 17. Bf1 b5 18. Nb3 axb4 19. axb4 Ra4 20. Rxa4 bxa4 21. Na5 Qd8 22. Nc4 Ne8 23. Nc2 f5 24. exf5 Bxf5 25. N2e3 Bd7 26. f4 exf4 27. Rxf4 Na6 28. Qf3 Nf6 29. Nxd6 Rc1 30. Nef5 Qb6+ 31. Kg2 Bxf5 32. Nxf5 Nxb4 33. Nh6+ Kf8 34. Ng4 Rxf1 35. Kxf1 Qb5+ 36. Kg1 Nbxd5 1/2-1/2

[Event "Volgograd"]
[Site "Volgograd"]
[Date "1994.??.??"]
[Round "1"]
[White "Veresagin, Jurij"]
[Black "Shtyrenkov, Veniamen"]
[Result "1-0"]
[WhiteElo "2360"]
[BlackElo "2445"]
[PlyCount "127"]
[EventDate "1994.??.??"]
[EventType "tourn"]
[EventRounds "13"]
[EventCountry "NED"]
[EventCategory "8"]
[SourceTitle "CBM 041"]
[Source "ChessBase"]
[SourceDate "1994.08.01"]
[SourceVersion "1"]
[SourceVersionDate "1994.08.01"]
[SourceQuality "1"]

1. e4 c5 2. Nc3 Nc6 3. g3 g6 4. Bg2 Bg7 5. d3 Rb8 6. Be3 b5 7. Qd2 b4 8. Nd1 d6 9. Ne2 e5 10. 0-0 Nge7 11. Bh6 0-0 12. Bxg7 Kxg7 13. Ne3 Nd4 14. f4 f6 15. Rf2 a5 16. c3 Nxe2+ 17. Rxe2 exf4 18. gxf4 f5 19. Rae1 Rf7 20. Nd5 Nxd5 21. exd5 Bd7 22. c4 Qf6 23. d4 Qxd4+ 24. Qxd4+ cxd4 25. Rd2 Kf6 26. Rxd4 Rc8 27. Kf2 h6 28. Re3 g5 29. Bf1 Re7 30. Rxe7 Kxe7 31. Rd1 Kf6 32. Re1 a4 33. Kf3 Rb8 34. Re3 Rg8 35. Re1 gxf4 36. Bh3 Rg5 37. Bf1 Rh5 38. h3 Rg5 39. Kxf4 Rg1 40. Kf3 f4 41. Kf2 Rg3 42. Re4 Kg5 43. h4+ Kxh4 44. Rxf4+ Rg4 45. Rf6 Kg5 46. Rxd6 Rf4+ 47. Ke1 Bf5 48. Rd8 Re4+ 49. Be2 h5 50. d6 Bg4 51. d7 Rxe2+ 52. Kf1 Rxb2 53. Rg8+ Kf4 54. Rxg4+ hxg4 55. d8Q a3 56. Qd4+ Kg5 57. c5 b3 58. axb3 Rb1+ 59. Ke2 Rb2+ 60. Kd1 Rb1+ 61. Ke2 Rb2+ 62. Kd3 Rb1 63. Kc3 g3 64. Qe5+ 1-0

[Event "Volgograd"]
[Site "Volgograd"]
[Date "1994.??.??"]
[Round "9"]
[White "Veresagin, Jurij"]
[Black "Yandemirov, Valeri"]
[Result "1/2-1/2"]
[WhiteElo "2360"]
[BlackElo "2510"]
[PlyCount "30"]
[EventDate "1994.??.??"]
[EventType "tourn"]
[EventRounds "13"]
[EventCountry "NED"]
[EventCategory "8"]
[SourceTitle "CBM 041"]
[Source "ChessBase"]
[SourceDate "1994.08.01"]
[SourceVersion "1"]
[SourceVersionDate "1994.08.01"]
[SourceQuality "1"]

1. e4 e5 2. Nf3 Nc6 3. d4 exd4 4. Nxd4 Bb4+ 5. c3 Be7 6. Be2 d6 7. Bf4 Bf6 8. 0-0 Nge7 9. Nc2 0-0 10. Ne3 Re8 11. Bg3 Ng6 12. Nd2 Bh4 13. f4 Bxg3 14. hxg3 Nf8 15. Bd3 Nd7 1/2-1/2

[Event "RUS-chT2"]
[Site "Podolsk"]
[Date "1993.??.??"]
[Round "?"]
[White "Veresagin, Jurij"]
[Black "Mansurov, Viacheslav"]
[Result "1/2-1/2"]
[WhiteElo "2345"]
[BlackElo "2390"]
[PlyCount "126"]
[EventDate "1993.??.??"]
[EventType "team"]
[EventRounds "9"]
[EventCountry "RUS"]
[SourceTitle "EXT 1998"]
[Source "ChessBase"]
[SourceDate "1997.11.17"]
[SourceVersion "1"]
[SourceVersionDate "1997.11.17"]
[SourceQuality "1"]

1. e4 c5 2. Nc3 e6 3. Nge2 Nc6 4. g3 d5 5. exd5 exd5 6. Bg2 Nf6 7. d4 cxd4 8. Nxd4 Bb4 9. 0-0 Bxc3 10. bxc3 0-0 11. Bg5 h6 12. Bf4 Qa5 13. Qd3 Re8 14. Rfb1 Ne4 15. Nb5 Qb6 16. Be3 Qd8 17. c4 Bf5 18. cxd5 Ne5 19. Qd4 Rc8 20. Qxa7 Qxd5 21. Nd4 Nc6 22. Qxb7 Qxd4 23. Bxd4 Nxd4 24. Re1 Nxc2 25. Rac1 Nxe1 26. Rxe1 Nd2 27. Rxe8+ Rxe8 28. h3 Re1+ 29. Kh2 Nf1+ 30. Bxf1 Rxf1 31. Qb8+ Kh7 32. Qf4 Be6 33. Qd2 Ra1 34. Qd3+ g6 35. a3 h5 36. Kg2 Ra2 37. Qf3 Rd2 38. Qc3 Ra2 39. Qf3 Rd2 40. Qc3 Ra2 41. Qc5 Kg8 42. Qb4 Bd5+ 43. Kf1 Be6 44. g4 hxg4 45. hxg4 Bxg4 46. Qxg4 Rxa3 47. Kg2 Ra5 48. Qc8+ Kh7 49. Qd8 Rf5 50. Kg3 Kg7 51. f4 Rh5 52. Kg4 Rf5 53. Qd4+ Kg8 54. Qd8+ Kg7 55. Qc8 Rh5 56. Qe8 Rf5 57. Qd8 Rh5 58. Qc8 Rf5 59. Qxf5 gxf5+ 60. Kxf5 Kh6 61. Kf6 Kh5 62. Kxf7 Kg4 63. f5 Kxf5 1/2-1/2

[Event "RUS-chT2"]
[Site "Podolsk"]
[Date "1993.??.??"]
[Round "?"]
[White "Veresagin, Jurij"]
[Black "Miton, Kamil"]
[Result "1-0"]
[WhiteElo "2345"]
[BlackElo "2440"]
[PlyCount "72"]
[EventDate "1993.??.??"]
[EventType "team"]
[EventRounds "9"]
[EventCountry "RUS"]
[SourceTitle "EXT 1998"]
[Source "ChessBase"]
[SourceDate "1997.11.17"]
[SourceVersion "1"]
[SourceVersionDate "1997.11.17"]
[SourceQuality "1"]

1. e4 e6 2. d4 d5 3. Nd2 Nc6 4. Ngf3 Nh6 5. e5 f6 6. Bb5 Nf7 7. 0-0 a6 8. Bxc6+ bxc6 9. Nb3 c5 10. exf6 cxd4 11. fxg7 Bxg7 12. Nfxd4 e5 13. Re1 Qd6 14. Qh5 0-0 15. Nf5 Bxf5 16. Qxf5 c5 17. c4 dxc4 18. Na5 Qd5 19. Qc2 Nd6 20. Rd1 Qe6 21. Be3 Rac8 22. Rac1 e4 23. Nxc4 Nf5 24. Re1 Nd4 25. Bxd4 Bxd4 26. Re2 Rf4 27. b3 Rcf8 28. Rf1 Rg4 29. Ne3 Rgf4 30. Qc4 Qxc4 31. Nxc4 R8f7 32. g3 Rf3 33. Nd6 e3 34. Nxf7 exf2+ 35. Kg2 Rxf7 36. Re6 Ra7 1-0